| 000 | 00761nam a22002057a 4500 | ||
|---|---|---|---|
| 999 |
_c17591 _d17591 |
||
| 003 | AR-CdUCM | ||
| 008 | 190509b ||||| |||| 00| 0 spa d | ||
| 040 |
_aMUNICIPALIDAD PROVINCIAL DEL CUSCO _cBIBLIOTECA MUNICIPAL DEL CUSCO |
||
| 082 |
_a985.613 / _bC74 |
||
| 100 |
_aConcha Tupayachi, Salustio _910595 |
||
| 245 | _aHistoria del pueblo de Wayllabamba / | ||
| 260 |
_aCusco : _bMercantil, _c1996. |
||
| 300 |
_a77 páginas ; _bIlustraciones, _c21 cm. |
||
| 505 | _aContenido: Desarrollo de la sociedad wayllabambina desde el descubrimiento de las pinturas rupestres en las punas de Wayoqhari hasta la actualidad... | ||
| 650 |
_aHistoria _9136 |
||
| 650 |
_aCusco _9772 |
||
| 650 |
_aWayllabamba _937698 |
||
| 942 |
_2ddc _cLIBROS |
||
| 945 |
_aacv _d2019-05-09 |
||